| 000 | 00431cam a2200181ua 4500 | ||
|---|---|---|---|
| 001 | 7046 | ||
| 008 | 120713n1993 II |||gr||||Z||||||eng | ||
| 040 | _aMAIN | ||
| 041 | _aEnglish | ||
| 082 | _a530.412 LAL | ||
| 100 | _aLAL, BRIJ. | ||
| 245 | _aPROPERTIES OF MATTER | ||
| 260 |
_aNEW DELHI _bEURASIA PUBLISHING HOUSE _c1993 |
||
| 300 |
_a472: _c22CM. |
||
| 653 | _aProperties of Matters | ||
| 700 | _aSUBRAHMANYAM. | ||
| 942 | _cBK | ||
| 999 |
_c7031 _d7031 |
||